Spisovný jazyk má celonárodnú platnosť
Poruchová a bezporuchová komunikácia. Podmienky bezporuchovej komunikácie. Kultúra komunikácie. Vnútorné členenie národného jazyka. Spisovný jazyk.
Gespeichert in:
| 1. Verfasser: | |
|---|---|
| Format: | Buchkapitel |
| Sprache: | Slowakisch |
| Schlagworte: | |
| Tags: |
Keine Tags, Fügen Sie das erste Tag hinzu!
|
MARC
| LEADER | 00000naa a2200000 4500 | ||
|---|---|---|---|
| 001 | r044740 | ||
| 005 | 20230927091408.4 | ||
| 041 | 0 | |a slo | |
| 044 | |a SK | ||
| 245 | 1 | 0 | |a Spisovný jazyk má celonárodnú platnosť |c Ján Findra |
| 520 | |a Poruchová a bezporuchová komunikácia. Podmienky bezporuchovej komunikácie. Kultúra komunikácie. Vnútorné členenie národného jazyka. Spisovný jazyk. | ||
| 610 | 2 | 0 | |a jazykoveda |
| 610 | 2 | 0 | |a jazyk štátny |
| 610 | 2 | 0 | |a komunikácia |
| 610 | 2 | 0 | |a komunikácia sociálna |
| 610 | 2 | 0 | |a komunikácia masová |
| 610 | 2 | 0 | |a rozhovor |
| 100 | 1 | |a Findra, Ján | |